| 000 | 00593cam a2200217 a 4500 | ||
|---|---|---|---|
| 001 | 14205396 | ||
| 005 | 20180109033850.0 | ||
| 008 | 051220s2006 caua 001 0 eng | ||
| 010 | _a 2005938908 | ||
| 020 | _a0495012742 (alk. paper) | ||
| 040 |
_aDLC _cDLC _dDLC |
||
| 041 | _aeng | ||
| 080 | _a510 | ||
| 082 | 0 | 0 |
_a510 EWE _222 |
| 100 | 1 | _a36 | |
| 101 | _aMAT | ||
| 245 | 1 | 0 |
_aElementary technical mathematics / _cDale Ewen, C. Robert Nelson. |
| 906 |
_a7 _bcbc _corignew _d3 _eepcn _f20 _gy-gencatlg |
||
| 942 |
_2ddc _cBK |
||
| 999 |
_c39827 _d39827 |
||